Islas más grandes de Indonesia - Estadísticas

Estadísticas generales
  • Esta prueba ha sido intentada 96 veces
  • La puntuación promedio es 7 de 21
Respuestas en el mapa
Las respuestas están codificadas por una escala verde-roja en el mapa de la prueba según el % correcto abajo.
 
Estadísticas de respuestas
km² Isla % Correcto
138.794 Java
97%
748.168 Borneo
89%
480.848 Sumatra
87%
785.753 Nueva Guinea
74%
5.416 Bali
64%
180.681 Célebes
57%
28.418 Timor
56%
14.154 Flores
46%
4.625 Lombok
23%
10.711 Sumba
18%
14.386 Sumbawa
16%
11.742 Yos Sudarso
7%
11.413 Bangka
5%
8.473 Buru
5%
18.040 Halmahera
5%
17.454 Ceram
3%
4.478 Belitung
2%
4.408 Buton
2%
4.429 Madura
2%
5.121 Nias
2%
3.828 Siberut
2%
No se encontraron pruebas coincidentes
Distribución de puntuación
Porcentaje de gente con cada puntuación
Porcentaje por número respondido
Historial de tus puntuaciones
No has intentado esta prueba.